|
|
|
|
| LEADER |
01090nam a2200301 a 4500 |
| 001 |
000014060 |
| 003 |
CZ BrMZK |
| 005 |
20211115085610.0 |
| 007 |
ta |
| 008 |
931119s1993 xr f c 000 m cze d |
| 015 |
|
|
|a cnb000080245
|
| 020 |
|
|
|a 80-7035-059-8
|c 95.00
|
| 040 |
|
|
|a BOA001
|b cze
|
| 080 |
|
|
|a 730(437.1)"18/19":92(064)
|2 MRF
|
| 100 |
1 |
|
|a Vlnas, Vít,
|d 1962-
|7 jn19990209996
|
| 245 |
1 |
0 |
|a Za zrcadlem :
|b Čeští sochaři ve fotografiích a dokumentech : [Kat. výstavy] : Malá galerie zámku Zbraslav, 30.září-21.listopadu 1993 /
|c [Text] ... K vyd. připr. Tomáš Sekyrka
|
| 250 |
|
|
|a 1. vyd.
|
| 260 |
|
|
|a Praha :
|b Národní galerie,
|c 1993
|
| 300 |
|
|
|a 74 s. :
|b fotogr.
|
| 500 |
|
|
|a Souhrn angl.
|
| 500 |
|
|
|a Bibliogr. s. 72
|
| 653 |
0 |
|
|a sochaři
|
| 700 |
1 |
|
|a Sekyrka, Tomáš,
|d 1966-
|7 ola2003201069
|
| 910 |
|
|
|a BOA001
|b 2-0994.235
|
| 962 |
|
|
|a 730
|
| 964 |
|
|
|a Sochaři čeští - fotografie - dokumenty - výstavy - r.1993 - katalogy
|
| 990 |
|
|
|a BK
|
| 996 |
6 |
|
|b 2610003483
|c 2-0994.235
|l MZK
|r Sklad / do 1 hodiny
|n 7
|p p.v.
|w 000014060
|u 000010
|a 1
|e BOA001
|j MZK50
|s P
|